000 nam a22 7a 4500
999 _c8323
_d8323
008 171229b xxu||||| |||| 00| 0 eng d
100 _aSaran, Sathya
_94740
245 _aPondichery viva la Difference
260 _aChennai
_bAshwin Printing Agency
_c2006